000 00419nam a22001697a 4500
003 MACL
005 20160204115219.0
008 160204b xxu||||| |||| 00| 0 eng d
040 _cMACL
041 _aEnglish
082 _a080
100 _aCollins,Sarah M.
_936805
245 _aThe Little Guide to Big Changes
260 _aNew Delhi
_bGood Times Pvt Ltd
_c2011
650 _aMotivational
_917686
942 _2ddc
_cBK
999 _c53190
_d53190